| 000 | 01339nac a22003131i 4500 | ||
|---|---|---|---|
| 003 | EG-ScBUE | ||
| 005 | 20250528101620.0 | ||
| 008 | 250312s2004 riua f 101 0 eng d | ||
| 020 | _a082183584X (alk. paper) | ||
| 020 | _a9780821835845 | ||
| 040 |
_aEG-ScBUE _beng _erda _cEG-ScBUE _dEG-ScBUE |
||
| 082 | 0 | 4 |
_a519.6 _bAME _222 |
| 110 | 2 |
_aAmerican Mathematical Society. _bshort course _d(2004 : _cPhoenix, Arizona) |
|
| 245 | 1 | 0 |
_aTrends in optimization : _bAmerican mathematical society short course, January 5-6, 2004, Phoenix, Arizona / _cSerkan Hoşten, Jon Lee, Rekha R. Thomas, editors. |
| 264 | 1 |
_aProvidence, Rhode Island : _bAmerican Mathematical Society, _c2004. |
|
| 300 |
_aix, 140 pages : _billustrations ; _c27 cm. |
||
| 336 |
_2rdacontent _atext _btxt |
||
| 337 |
_aunmediated _2rdamedia _bn |
||
| 338 |
_avolume _bnc _2rdacarrier |
||
| 490 | 0 |
_aProceedings of symposia in applied mathematics, _x0160-7634 ; _vvolume 61. _aAMS short course lecture notes |
|
| 500 | _aIncludes index. | ||
| 650 | 7 |
_aMathematical optimization _vCongresses. _2BUEsh |
|
| 655 | _vReading book | ||
| 700 | 1 |
_aHoşten, Serkan, _d1969- _eeditor. |
|
| 700 | 1 |
_aLee, Jon, _d1960- _eeditor. |
|
| 700 | 1 |
_aThomas, Rekha R., _d1967- _eeditor. |
|
| 856 | 4 | 1 |
_3Table of contents _uhttp://www.loc.gov/catdir/toc/fy0601/2004059477.html |
| 942 |
_cBB _2ddc |
||
| 999 |
_c2017 _d2017 |
||